| 000 | 00389 a2200157 4500 | ||
|---|---|---|---|
| 001 | 155381 | ||
| 040 | _cEscola São Tomás de Aquino | ||
| 100 | _aGASPAR, Tânia Moraes | ||
| 240 | 1 | 0 |
_aNiños y niñas _lpor |
| 245 | 1 | 0 | _aNiños y niñas |
| 300 | _a80 | ||
| 362 | 0 | _a2001 | |
| 440 | 1 | _aScipione | |
| 697 | _aSistemas de escrita, fonologia, fonética da norma espanhola | ||
| 942 | _cBK | ||
| 999 |
_c155381 _d155381 |
||